[Šimko, Miloš]

Zobrazenie: Podobizeň národnokultúrneho dejateľa, právnika Miloša Šimka (14.4.1860 Martin - 28.9.1923 Liptovský Mikuláš, poch. v Martine). Účastník zhromaždenia, na ktorom bola prijatá Deklarácia slovenského národa.

Bibliographic Details
Other Authors: Knittel, Georg (fotograf) (Photographer)
Format: Photo
Language:German
PhysicalDescription:1 fotografia v hnedom tóne 11 x 7 cm
Published: [S.l. s.n. s.a.]
Subjects:

MARC

LEADER 00000nkmaa2200000 a 4500
001 vtls011768295
003 SK-MaSNL
005 20260331211515.0
007 kh ao
008 230802n ci | ||00 k|ger
035 |a AB9C25C7-0508-47BD-B7EC-757E53BF0058 
035 |a urn:nbn:sk:snk-km43i9q 
035 |a urn:nbn:sk:snk-km00e5rm 
040 |a SNKLA  |b slo  |c SNKLA  |e AACR2 
041 0 |a ger 
044 |a ci  |c HR 
100 1 |a Knittel, Georg  |c (fotograf)  |4 pht  |9 175702 
245 1 0 |a [Šimko, Miloš]  |h grafika 
260 |a [S.l.  |b s.n.  |c s.a.] 
300 |a 1 fotografia  |b v hnedom tóne  |c 11 x 7 cm 
520 2 |a Zobrazenie: Podobizeň národnokultúrneho dejateľa, právnika Miloša Šimka (14.4.1860 Martin - 28.9.1923 Liptovský Mikuláš, poch. v Martine). Účastník zhromaždenia, na ktorom bola prijatá Deklarácia slovenského národa. 
600 1 7 |a Šimko, Miloš,  |d 1860-1923  |2 SNKMA  |9 163738 
655 7 |a portrétne fotografie  |2 SNKLA  |9 305796 
852 7 |a Slovenská národná knižnica  |b Literárny archív 
958 |a ZO 
958 |a BLA 
999 |c 944608  |d 946538 
952 |a SNKLA  |b SNKLA  |c SNKLA_DEP  |y NEVYP  |7 0  |p 17A1227396  |o snkSŠ 17/18  |i snkLA 1323/1955  |0 0  |1 0  |4 0  |d 2018-07-23  |f 1  |l 0  |r 2026-02-24 09:29:54  |w 2026-02-24